| 000 | 003390000a22001330004500 | ||
|---|---|---|---|
| 041 | 0 | _aENG | |
| 082 | 0 | 4 | _aG 918 R9611b |
| 100 | 1 | _aRussell, William (1915-) | |
| 245 | 1 | 0 | _aThe Bolivar countries : Colombia, Venezuela, Ecuador / William Russell |
| 260 | _aNew York, USA : Coward-McCann | ||
| 300 | _a308 Pag | ||
| 001 | 11263 | ||
| 942 | _cBK | ||
| 999 |
_c40614 _d40614 |
||